| 000 | 00952nam a22003017a 4500 | ||
|---|---|---|---|
| 003 | CHAP | ||
| 005 | 20220329135333.0 | ||
| 008 | 971013s1958 r 00010 d | ||
| 010 | _a34629 | ||
| 011 | _a35601 | ||
| 035 | _a39717 | ||
| 040 | _cCHAP | ||
| 082 |
_a025.4 _bM4 |
||
| 100 | 0 | 0 |
_aMerrill, William Stetson. _975028 |
| 245 |
_aCódigo par clasificadores _b: normas para la ordenación de libros... |
||
| 260 |
_aBuenos Aires : _bKapelusz, _c1958 |
||
| 300 | _a209 p | ||
| 490 |
_aContribuciones bibliotecológicas _v; 3 |
||
| 590 |
_aBATCH-UPD _b10 _c20130110 _lUCH01 _h2040 |
||
| 590 |
_aBATCH-UPD _b10 _c20130410 _lUCH01 _h1355 |
||
| 590 |
_aBATCH-UPD _b10 _c20130914 _lUCH01 _h0947 |
||
| 590 |
_aCONVERSION _b10 _c20130109 _lUCH01 _h1319 |
||
| 650 | 1 | 4 |
_aClasificación de libros. _923675 |
| 830 | 0 |
_aContribuciones bibliotecológicas _v; 3 _927560 |
|
| 901 | _aBK | ||
| 942 | _cLIBRO | ||
| 949 |
_a025.4 M4 _bBC _cB _d-90584 _eB _i39717 _si _t60.00 |
||
| 999 |
_c34629 _d34629 |
||